000 00346nam a2200121Ia 4500
008 240624s9999 xx 000 0 und d
041 _aeng
082 _a332.6 LOW
100 _aLOWENSTEIN ROGER
245 _aWHEN GENIUS FAILED THE RISE AND FALL OF
260 _c2000
_aNew York
_bRandom house trade paperbacks
300 _axxi, : 264 : p. : cm. ; 18
999 _c8079
_d8079